| 000 | 00656nam a22001937a 4500 | ||
|---|---|---|---|
| 999 |
_c62312 _d62312 |
||
| 005 | 20240924142345.0 | ||
| 008 | 240924s2023 enk||||| |||| 00| 0 eng d | ||
| 020 | _a9780323996228x | ||
| 041 | _aeng | ||
| 080 | _a61:575 L-66 | ||
| 100 |
_aLi, Xia _923270 |
||
| 245 |
_aCases in Laboratory Genetics and Genomics (LGG) Practice / _cXia Li. |
||
| 264 |
_aLondon : _bElsevier, _c2023. |
||
| 300 |
_a495 p. _bill.; _c24 cm. |
||
| 653 | _aლაბორატორიული გენეტიკა | ||
| 653 | _aლაბორატორიული გენომიკა | ||
| 653 | _aმედიცინა | ||
| 942 |
_2udc _cᲬᲘᲒᲜᲘ |
||